Historia del pueblo mapuche: siglo XIX y XX
Bewaard in:
| Hoofdauteur: | |
|---|---|
| Formaat: | Boek |
| Taal: | Spaans |
| Gepubliceerd in: |
Santiago
Lom
2000
|
| Editie: | 6a. ed |
| Reeks: | Biblioteca del Bicentenario. Historia, 7
|
| Onderwerpen: | |
| Tags: |
Voeg label toe
Geen labels, Wees de eerste die dit record labelt!
|
MARC
| LEADER | 00000nam a2200000 a 4500 | ||
|---|---|---|---|
| 001 | UCM1464 | ||
| 003 | CL-VaPUC | ||
| 008 | 020404e20001100CL |||||||||||||||||spa|d | ||
| 020 | |a 956282232X | ||
| 082 | 0 | 4 | |a 983.004 |b BEN |2 21 |
| 100 | |a Bengoa Cabello, José |e author |9 603139 | ||
| 245 | 1 | 0 | |a Historia del pueblo mapuche: siglo XIX y XX |
| 250 | |a 6a. ed | ||
| 300 | |a 423 p | ||
| 942 | |c BK | ||
| 945 | |d 20020404 00:00:00 |a vberengu | ||
| 260 | |a Santiago |b Lom |c 2000 | ||
| 650 | 0 | |a Mapuches |9 392456 | |
| 650 | 0 | |a Historia de Chile |9 265473 | |
| 651 | 7 | |a CHILE |2 CL-VaPUC |9 468425 | |
| 583 | |a last modification |c 20190705 09:22:51 |k Rodrigo Vera | ||
| 490 | 0 | |a Biblioteca del Bicentenario. Historia, 7 | |
| 999 | |c 299918 |d 299916 | ||
| 952 | |0 0 |1 0 |4 0 |6 983_004000000000000_BEN_2000 |7 0 |8 A |9 356997 |a BIBCUR |b BIBCUR |d 2019-11-21 |i 3803031 |l 1 |o 983.004 BEN 2000 |p 3803031 |r 2025-04-22 |s 2024-11-04 |w 2019-11-21 |y BK |k PER | ||
| 952 | |0 0 |1 0 |4 0 |6 983_004000000000000_BEN_2000 |7 0 |8 A |9 356998 |a BIBGIM |b BIBGIM |d 2019-11-21 |i 4004299 |o 983.004 BEN 2000 |p 4004299 |r 2025-01-15 |w 2019-11-21 |y BK |k GIM | ||
| 952 | |0 0 |1 0 |4 0 |6 983_004000000000000_BEN_2000 |7 0 |8 A |9 356999 |a BIBEDU |b BIBEDU |c ES_NOD |d 2019-11-21 |i 4036654 |o 983.004 BEN 2000 |p 4036654 |r 2023-08-09 |w 2019-11-21 |y BK |k PSI | ||
| 952 | |0 0 |1 0 |4 0 |6 983_004000000000000_BEN_2000 |7 0 |8 A |9 357000 |a BIBHIS |b BIBHIS |d 2019-11-21 |i 4206215 |o 983.004 BEN 2000 |p 4206215 |r 2025-01-20 |w 2019-11-21 |y BK |k HIS | ||
| 952 | |0 0 |1 0 |4 0 |6 983_004000000000000_BEN_2000 |7 0 |8 X |9 357001 |a FDOBUD |b FDOBUD |d 2019-11-21 |i 4578058 |o 983.004 BEN 2000 |p 4578058 |r 2019-11-21 |w 2019-11-21 |y BK_X |k BUD | ||